Upstairs Downstairs (Record no. 48238)

MARC details
000 -LEADER
fixed length control field 00404nam a2200157Ia 4500
008 - FIXED-LENGTH DATA ELEMENTS--GENERAL INFORMATION
fixed length control field 220805s9999 xx 000 0 und d
020 ## - INTERNATIONAL STANDARD BOOK NUMBER
International Standard Book Number 1 920744 34 7
041 ## - LANGUAGE CODE
Language code of text/sound track or separate title eng
082 ## - DEWEY DECIMAL CLASSIFICATION NUMBER
Classification number 721.832
100 ## - MAIN ENTRY--PERSONAL NAME
Personal name Ed.Hasanovic, Aisha
9 (RLIN) 87657
260 ## - PUBLICATION, DISTRIBUTION, ETC. (IMPRINT)
Place of publication, distribution, etc. Australlia
Name of publisher, distributor, etc. The Images Publishing Group
Date of publication, distribution, etc. 2006
245 ## - TITLE STATEMENT
Title Upstairs Downstairs
250 ## - EDITION STATEMENT
Edition statement 1
300 ## - PHYSICAL DESCRIPTION
Extent 224
650 ## - SUBJECT ADDED ENTRY--TOPICAL TERM
Topical term or geographic name as entry element Architecture stairs
9 (RLIN) 87658
Holdings
Withdrawn status Lost status Damaged status Not for loan Collection code Home library Current library Date acquired Vendor Cost, normal purchase price Total Checkouts Full call number Barcode Date last seen Bill Date Koha item type Original Barcode
          Manilal Nanavati Vocational Training Institute Pune Manilal Nanavati Vocational Training Institute Pune 09/08/2022 Purchase 2712.00   721.832/HAS/B794 MNVT-BK-794 09/08/2022 09/08/2022 Books B794